[Event "COL-ch sf"]
[Site "Pereira"]
[Date "2024.03.31"]
[Round "11"]
[White "Hernandez Pinzon, Helvert"]
[Black "Cardona Marin, Fabio"]
[Result "1/2-1/2"]
[WhiteElo "1968"]
[BlackElo "1869"]
[PlyCount "28"]
[EventDate "2024.03.26"]
[EventType "swiss"]
[EventRounds "11"]
[EventCountry "COL"]
[SourceTitle "CB14_2024"]
[SourceDate "2024.04.01"]
[SourceVersion "1"]
[SourceVersionDate "2024.04.01"]
[SourceQuality "1"]

1. e4 c6 2. d4 d5 3. Nc3 dxe4 4. Nxe4 Nd7 5. Bd3 Ngf6 6. Nxf6+ Nxf6 7. Nf3 Bg4 8. c3 Bxf3 9. Qxf3 e6 10. Bf4 Bd6 11. 0-0 Bxf4 12. Qxf4 0-0 13. Rfe1 g6 14. h3 Kg7 1/2-1/2

[Event "Manizales Feria op 29th"]
[Site "Manizales"]
[Date "2024.01.07"]
[Round "5"]
[White "Gomez, Miguel Angel1"]
[Black "Hernandez Pinzon, Helvert"]
[Result "0-1"]
[WhiteElo "1291"]
[BlackElo "1928"]
[PlyCount "118"]
[EventDate "2024.01.05"]
[EventType "swiss"]
[EventRounds "7"]
[EventCountry "COL"]
[SourceTitle "CB02_2024"]
[SourceDate "2024.01.10"]
[SourceVersion "1"]
[SourceVersionDate "2024.01.10"]
[SourceQuality "1"]

1. e4 c5 2. Nf3 Nc6 3. d4 cxd4 4. Nxd4 Nf6 5. Nc3 e5 6. Ndb5 d6 7. Nd5 Nxd5 8. exd5 Ne7 9. c4 Ng6 10. Qa4 Bd7 11. Qb4 Qb8 12. h4 h5 13. Be2 f5 14. Bg5 a6 15. Nc3 Qc7 16. Be3 Be7 17. g3 f4 18. Bb6 Qc8 19. 0-0-0 Bf5 20. Rhe1 Qd7 21. Bd3 Bxd3 22. Rxd3 0-0 23. Kb1 Rac8 24. Ne4 Rf5 25. Rc3 Nf8 26. Rd3 Rf7 27. Qb3 Nh7 28. Qc3 Bd8 29. Bxd8 Qxd8 30. Qb4 Rd7 31. Rg1 Qf8 32. g4 hxg4 33. Rxg4 Nf6 34. Nxf6+ Qxf6 35. f3 Qf5 36. Qc3 Rdc7 37. Rg5 Qh7 38. b3 b5 39. Kb2 bxc4 40. Rd2 cxb3 41. Qxb3 Rc1 42. Qd3 Qxd3 43. Rxd3 R1c5 44. Rg6 Rb8+ 45. Rb3 Rxb3+ 46. Kxb3 Rxd5 47. Kc4 Rd4+ 48. Kc3 Kf7 49. h5 a5 50. a3 Rd1 51. Kc2 Rf1 52. Rxd6 Rxf3 53. Rd5 Re3 54. Rxa5 f3 55. Kd2 Re2+ 56. Kd1 Re4 57. Ra7+ Ke6 58. Ra8 f2 59. Rf8 Re1+ 0-1

[Event "Manizales Feria op 29th"]
[Site "Manizales"]
[Date "2024.01.06"]
[Round "2"]
[White "Hernandez Pinzon, Helvert"]
[Black "Bravo, Juan Eduardo"]
[Result "1/2-1/2"]
[WhiteElo "1928"]
[BlackElo "1691"]
[PlyCount "52"]
[EventDate "2024.01.05"]
[EventType "swiss"]
[EventRounds "7"]
[EventCountry "COL"]
[SourceTitle "CB02_2024"]
[SourceDate "2024.01.10"]
[SourceVersion "1"]
[SourceVersionDate "2024.01.10"]
[SourceQuality "1"]

1. e4 e5 2. Nf3 Nc6 3. Bb5 a6 4. Bxc6 dxc6 5. d4 exd4 6. Qxd4 Qxd4 7. Nxd4 Bd6 8. 0-0 Ne7 9. Be3 0-0 10. Nd2 Ng6 11. f4 f6 12. Rae1 Re8 13. c3 c5 14. Ne2 b6 15. Ng3 Bd7 16. Nc4 Bf8 17. Rf2 Rad8 18. Rd2 Bb5 19. b3 Rxd2 20. Nxd2 Bc6 21. Kf2 Bd6 22. Kf3 Nh4+ 23. Kf2 Ng6 24. Kf3 Nh4+ 25. Kf2 Ng6 26. Kf3 Nh4+ 1/2-1/2

[Event "Pereira Fiestas de la Cosecha op"]
[Site "Pereira"]
[Date "2023.08.26"]
[Round "5"]
[White "Hernandez Pinzon, Helvert"]
[Black "Mogollon Tobar, Nicolle Juliet"]
[Result "1-0"]
[WhiteElo "1895"]
[BlackElo "2004"]
[PlyCount "126"]
[EventDate "2023.08.24"]
[EventType "swiss"]
[EventRounds "7"]
[EventCountry "COL"]
[SourceTitle "EXT 2024"]
[Source "ChessBase"]
[SourceDate "2023.10.10"]
[SourceVersion "1"]
[SourceVersionDate "2023.10.10"]
[SourceQuality "1"]

1. e4 e6 2. d4 d5 3. exd5 exd5 4. Bd3 Nc6 5. c3 Bd6 6. Nf3 Bg4 7. h3 Bh5 8. 0-0 Nge7 9. Re1 Qd7 10. Nbd2 0-0-0 11. b4 g5 12. a4 Rdg8 13. Ne5 Bxd1 14. Nxd7 Kxd7 15. Rxd1 g4 16. h4 g3 17. Rf1 h5 18. b5 Na5 19. c4 dxc4 20. Nxc4 Nxc4 21. Bxc4 Rg4 22. Bg5 gxf2+ 23. Rxf2 Rxd4 24. Bxf7 Rb4 25. Rd2 Rh7 26. Ba2 a6 27. bxa6 bxa6 28. Bb1 Rg7 29. Bd3 a5 30. Bb5+ c6 31. Be2 Nd5 32. Bf3 Bc5+ 33. Kh2 Kd6 34. g3 Bd4 35. Ra3 Rh7 36. Bd8 Nc7 37. Bd1 Kd7 38. Bf6 c5 39. Rad3 Ne6 40. Bb3 Rf7 41. Bxe6+ Kxe6 42. Bxd4 cxd4 43. Rxd4 Rf2+ 44. Rxf2 Rxd4 45. Rb2 Rb4 46. Ra2 Ke5 47. Kh3 Ke4 48. Rf2 Ke5 49. Rf8 Rxa4 50. Rh8 Ra1 51. Rxh5+ Kf6 52. Rb5 a4 53. Kg4 Rc1 54. Rb6+ Kg7 55. Ra6 Rc4+ 56. Kh3 Rb4 57. h5 Rc4 58. g4 Rc3+ 59. Kh4 a3 60. h6+ Kh7 61. Kh5 Rc5+ 62. g5 Rc3 63. Ra7+ Kg8 1-0

[Event "Manizales op 28th"]
[Site "Manizales"]
[Date "2023.01.08"]
[Round "7"]
[White "Hernandez Pinzon, Helvert"]
[Black "Guerra Verano, Diana"]
[Result "0-1"]
[WhiteElo "1899"]
[BlackElo "1583"]
[PlyCount "52"]
[EventDate "2023.01.05"]
[EventType "swiss"]
[EventRounds "8"]
[EventCountry "COL"]
[SourceTitle "CBM 212 Extra"]
[Source "ChessBase"]
[SourceDate "2023.03.31"]
[SourceVersion "1"]
[SourceVersionDate "2023.03.31"]
[SourceQuality "1"]

1. e4 c5 2. Nf3 e6 3. d4 cxd4 4. Nxd4 Nf6 5. Bd3 Nc6 6. Be3 d5 7. Nxc6 bxc6 8. e5 Nd7 9. f4 Nc5 10. Be2 Ba6 11. 0-0 Bxe2 12. Qxe2 Be7 13. Kh1 Ne4 14. Nd2 Nxd2 15. Qxd2 c5 16. c3 a5 17. b3 Qc7 18. Rae1 g6 19. Qe2 0-0 20. Rf3 a4 21. Rh3 axb3 22. axb3 Ra3 23. Rb1 Rb8 24. Qc2 Qb7 25. b4 cxb4 26. cxb4 d4 0-1

[Event "Cali Valle Colombia op-B"]
[Site "Cali Valle Colombia"]
[Date "2022.12.26"]
[Round "1"]
[White "Ramirez Angulo, Christian Giussepe"]
[Black "Hernandez Pinzon, Helvert"]
[Result "0-1"]
[WhiteElo "1600"]
[BlackElo "1835"]
[PlyCount "84"]
[EventDate "2022.12.26"]
[EventType "swiss"]
[EventRounds "8"]
[EventCountry "COL"]
[SourceTitle "CBM 211 Extra"]
[Source "ChessBase"]
[SourceDate "2023.01.31"]
[SourceVersion "1"]
[SourceVersionDate "2023.01.31"]
[SourceQuality "1"]

1. e4 c5 2. Nf3 Nc6 3. d3 d6 4. g3 Bg4 5. Bg2 Nf6 6. 0-0 e6 7. Nbd2 Be7 8. Re1 0-0 9. b3 e5 10. Bb2 b5 11. Nf1 a5 12. Ne3 Qd7 13. c4 b4 14. Qd2 Nd4 15. Nxd4 cxd4 16. Nf5 Rab8 17. f4 Bxf5 18. exf5 Qxf5 19. Bxd4 exd4 20. Rxe7 Rfe8 21. Rae1 Kf8 22. Rxe8+ Rxe8 23. Rxe8+ Kxe8 24. Qe2+ Qe6 25. Qxe6+ fxe6 26. Bh3 Ke7 27. Kf2 Nd7 28. Ke2 Kf6 29. g4 h6 30. Bg2 Nc5 31. Kd2 g5 32. fxg5+ Kxg5 33. h3 Kf4 34. Bf1 Kg3 35. Bg2 Kxg2 36. h4 Kf3 37. g5 hxg5 38. hxg5 Nd7 39. g6 Nf6 40. g7 e5 41. Kd1 Ke3 42. Kc2 Ke2 0-1

[Event "Palmira op-B"]
[Site "Palmira"]
[Date "2022.12.17"]
[Round "7"]
[White "Vargas, Jose Robinson"]
[Black "Hernandez Pinzon, Helvert"]
[Result "1/2-1/2"]
[WhiteElo "2009"]
[BlackElo "1835"]
[PlyCount "77"]
[EventDate "2022.12.14"]
[EventType "swiss"]
[EventRounds "8"]
[EventCountry "COL"]
[SourceTitle "CBM 211 Extra"]
[Source "ChessBase"]
[SourceDate "2023.01.31"]
[SourceVersion "1"]
[SourceVersionDate "2023.01.31"]
[SourceQuality "1"]

1. e4 c5 2. Nc3 Nc6 3. f4 g6 4. Nf3 Bg7 5. Bc4 e6 6. d3 d6 7. 0-0 Nge7 8. Qe1 0-0 9. Qh4 Nd4 10. f5 gxf5 11. Nxd4 cxd4 12. Ne2 d5 13. exd5 Nxd5 14. Bg5 Qd6 15. Bxd5 Qxd5 16. Nf4 Qc6 17. Nh5 f6 18. Nxf6+ Bxf6 19. Bxf6 Rf7 20. Rf3 Kf8 21. Rg3 b5 22. Qxd4 Bb7 23. Kh1 a5 24. Bh4 Ke8 25. Rg1 Qd5 26. Qb6 Kd7 27. c4 Qc6 28. Qd4+ Qd6 29. Qf2 f4 30. Rg5 f3 31. g3 b4 32. Rd1 e5 33. c5 Qd4 34. Rd2 Rc8 35. Kg1 Qxc5 36. Qxc5 Rxc5 37. Kf2 Rd5 38. g4 Ba6 39. d4 1/2-1/2

[Event "Jamundi Valle Avanza op-B"]
[Site "Jamundi"]
[Date "2022.12.09"]
[Round "3"]
[White "Gomez Saenz, Manuela"]
[Black "Hernandez Pinzon, Helvert"]
[Result "0-1"]
[WhiteElo "1479"]
[BlackElo "1835"]
[PlyCount "76"]
[EventDate "2022.12.08"]
[EventType "swiss"]
[EventRounds "7"]
[EventCountry "COL"]
[SourceTitle "EXT 2024"]
[Source "ChessBase"]
[SourceDate "2023.10.10"]
[SourceVersion "1"]
[SourceVersionDate "2023.10.10"]
[SourceQuality "1"]

1. e4 c5 2. Nc3 Nc6 3. g3 g6 4. Bg2 Bg7 5. f4 e6 6. d3 d6 7. Nf3 Nge7 8. 0-0 0-0 9. Be3 Nd4 10. e5 Nef5 11. Bf2 Nxf3+ 12. Qxf3 Nd4 13. Qd1 dxe5 14. fxe5 Bxe5 15. Ne4 f5 16. Nd2 Nc6 17. Bxc5 Bd4+ 18. Bxd4 Qxd4+ 19. Kh1 Qxb2 20. Nc4 Qf6 21. Qd2 e5 22. Rae1 Re8 23. Re4 Qg7 24. Rh4 Be6 25. Rb1 Rad8 26. Qc3 Re7 27. Re1 e4 28. Qxg7+ Kxg7 29. Rf4 Bxc4 30. dxc4 Rd2 31. g4 Re5 32. gxf5 gxf5 33. Rg1 Kf6 34. Rh4 Re7 35. Rf1 e3 36. Rhf4 Re5 37. Bf3 e2 38. Re1 Rd1 0-1

[Event "Sabaneta op-B 1st"]
[Site "Sabaneta"]
[Date "2022.11.29"]
[Round "6"]
[White "Molina Ballesteros, Juan Sebastian"]
[Black "Hernandez Pinzon, Helvert"]
[Result "1-0"]
[WhiteElo "1718"]
[BlackElo "1835"]
[PlyCount "167"]
[EventDate "2022.11.25"]
[EventType "swiss"]
[EventRounds "8"]
[EventCountry "COL"]
[SourceTitle "CBM 211 Extra"]
[Source "ChessBase"]
[SourceDate "2023.01.31"]
[SourceVersion "1"]
[SourceVersionDate "2023.01.31"]
[SourceQuality "1"]

1. e4 c5 2. Nf3 Nc6 3. d4 cxd4 4. Nxd4 Nf6 5. Nc3 e5 6. Ndb5 d6 7. Bg5 a6 8. Na3 b5 9. Nd5 Be7 10. Bxf6 Bxf6 11. c3 0-0 12. Nc2 Bg5 13. Be2 Rb8 14. Nce3 Bxe3 15. Nxe3 Ne7 16. 0-0 Be6 17. Bg4 Qd7 18. Bxe6 Qxe6 19. Qb3 Rfd8 20. Rfd1 Rbc8 21. Qxe6 fxe6 22. a4 d5 23. axb5 axb5 24. exd5 exd5 25. Ra7 Nc6 26. Rb7 d4 27. cxd4 exd4 28. Nf5 d3 29. Rxg7+ Kh8 30. Rg3 d2 31. Rc3 Ne5 32. Rxd2 Nc4 33. Rxd8+ Rxd8 34. g3 Rf8 35. Ne3 Nxb2 36. Rb3 Na4 37. Rxb5 Nc3 38. Rf5 Ra8 39. Kg2 Kg7 40. h4 Ne4 41. Re5 Nf6 42. Re7+ Kf8 43. Rb7 Ra2 44. Kf3 h5 45. Rc7 Kg8 46. Rc2 Ra4 47. Ke2 Kf7 48. f4 Ra3 49. Rc7+ Kf8 50. Rc4 Kf7 51. Rd4 Ke6 52. Rd3 Ra2+ 53. Kf3 Kf7 54. Nc4 Ke6 55. Re3+ Kf7 56. Nd6+ Kg6 57. f5+ Kh6 58. Re6 Kg7 59. Ne8+ Nxe8 60. Rxe8 Ra4 61. Re4 Ra3+ 62. Kf4 Kf6 63. Re6+ Kg7 64. Re3 Ra1 65. Kg5 Rf1 66. f6+ Kf7 67. Re7+ Kf8 68. Re3 Kf7 69. Kxh5 Rxf6 70. g4 Kg7 71. g5 Rf4 72. Re7+ Kf8 73. Rh7 Ra4 74. g6 Kg8 75. Kg5 Rb4 76. h5 Rb5+ 77. Kh6 Ra5 78. Rb7 Ra8 79. Rb5 Rc8 80. Kg5 Kg7 81. h6+ Kg8 82. h7+ Kg7 83. Rb7+ Kh8 84. Kh6 1-0

[Event "Manizales Americas op"]
[Site "Manizales"]
[Date "2022.10.14"]
[Round "1"]
[White "Hernandez Pinzon, Helvert"]
[Black "Cruz Lopez, Jeronimo"]
[Result "1-0"]
[WhiteElo "1856"]
[BlackElo "1454"]
[PlyCount "63"]
[EventDate "2022.10.14"]
[EventType "swiss"]
[EventRounds "8"]
[EventCountry "COL"]
[SourceTitle "CBM 210 Extra"]
[Source "ChessBase"]
[SourceDate "2022.11.30"]
[SourceVersion "1"]
[SourceVersionDate "2022.11.30"]
[SourceQuality "1"]

1. e4 c5 2. Nf3 Nc6 3. d4 cxd4 4. Nxd4 g6 5. Be3 Bg7 6. Nc3 Nf6 7. Bc4 a6 8. Bb3 0-0 9. f3 e5 10. Nde2 b5 11. Qd2 Na5 12. Rd1 Nxb3 13. axb3 Qc7 14. Nd5 Nxd5 15. Qxd5 Qc6 16. Nc3 b4 17. Qxc6 dxc6 18. Na4 Be6 19. Nc5 Rfe8 20. Rd6 Bf8 21. Rxc6 Bxc5 22. Rxc5 Rec8 23. Rxc8+ Rxc8 24. Kd2 f5 25. Ra1 Rc6 26. Ra5 fxe4 27. fxe4 Rd6+ 28. Ke1 Bg4 29. Bd2 Rc6 30. c4 bxc3 31. bxc3 Rb6 32. b4 1-0

[Event "Pereira Fiestas de la Cosecha"]
[Site "Pereira"]
[Date "2022.08.25"]
[Round "4"]
[White "Cano Alcaraz, Juan Jose"]
[Black "Hernandez Pinzon, Helvert"]
[Result "0-1"]
[WhiteElo "1292"]
[BlackElo "1864"]
[PlyCount "106"]
[EventDate "2022.08.24"]
[EventType "swiss"]
[EventRounds "10"]
[EventCountry "COL"]
[SourceTitle "CBM 210 Extra"]
[Source "ChessBase"]
[SourceDate "2022.11.30"]
[SourceVersion "1"]
[SourceVersionDate "2022.11.30"]
[SourceQuality "1"]

1. e4 c5 2. Nf3 Nc6 3. d4 cxd4 4. Nxd4 Nf6 5. Nc3 e5 6. Ndb5 d6 7. Bg5 a6 8. Na3 b5 9. Nd5 Be7 10. Bxf6 Bxf6 11. c3 Bg5 12. Nc2 Rb8 13. g3 0-0 14. Ncb4 Bb7 15. Bg2 Nxb4 16. Nxb4 f5 17. Nd5 f4 18. 0-0 Kh8 19. Qd3 Rc8 20. a4 Bxd5 21. exd5 fxg3 22. hxg3 Qb6 23. axb5 axb5 24. Qe2 b4 25. Ra6 Qc5 26. Qg4 Bd2 27. cxb4 Qxb4 28. Qxb4 Bxb4 29. Rc6 Rb8 30. f4 exf4 31. Rxf4 Rxf4 32. gxf4 g6 33. Rc2 Bc5+ 34. Kh1 Rb4 35. Re2 Rxf4 36. Re4 Rxe4 37. Bxe4 Kg7 38. Kg2 Kf6 39. Kf3 Ke5 40. b3 Ba7 41. b4 Bd4 42. Bc2 Kxd5 43. Bb3+ Ke5 44. Bg8 h6 45. Bf7 Kf6 46. Bc4 Ke5 47. Bf7 g5 48. Kg4 d5 49. Kh5 Be3 50. Bg6 Kf4 51. Kxh6 g4 52. Bd3 g3 53. Bf1 d4 0-1

[Event "Pereira Fiestas de la Cosecha"]
[Site "Pereira"]
[Date "2022.08.24"]
[Round "2"]
[White "Barrientos Chavarriaga, Sergio E"]
[Black "Hernandez Pinzon, Helvert"]
[Result "1-0"]
[WhiteElo "2477"]
[BlackElo "1864"]
[PlyCount "57"]
[EventDate "2022.08.24"]
[EventType "swiss"]
[EventRounds "10"]
[EventCountry "COL"]
[SourceTitle "CBM 210 Extra"]
[Source "ChessBase"]
[SourceDate "2022.11.30"]
[SourceVersion "1"]
[SourceVersionDate "2022.11.30"]
[SourceQuality "1"]

1. e4 c5 2. Nf3 Nc6 3. Bb5 g6 4. 0-0 Bg7 5. c3 a6 6. Bxc6 bxc6 7. d4 cxd4 8. cxd4 d6 9. Nc3 Nf6 10. h3 0-0 11. Be3 Rb8 12. Qd2 Re8 13. b3 Qa5 14. Rac1 Bb7 15. Rfe1 Rbc8 16. Bh6 Bh8 17. b4 Qd8 18. Qf4 Nh5 19. Qe3 c5 20. bxc5 dxc5 21. dxc5 Qa5 22. Nd5 Qxa2 23. Red1 Nf6 24. Nb6 Rcd8 25. Rxd8 Rxd8 26. c6 Bc8 27. c7 Re8 28. Nxc8 Rxc8 29. Rd1 1-0

[Event "COL-ch"]
[Site "Boyaca"]
[Date "2022.08.21"]
[Round "9"]
[White "Alvarez Lora, Amaury Antonio"]
[Black "Hernandez Pinzon, Helvert"]
[Result "0-1"]
[WhiteElo "2036"]
[BlackElo "1864"]
[PlyCount "130"]
[EventDate "2022.08.17"]
[EventType "swiss"]
[EventRounds "9"]
[EventCountry "COL"]
[SourceTitle "CBM 210 Extra"]
[Source "ChessBase"]
[SourceDate "2022.11.30"]
[SourceVersion "1"]
[SourceVersionDate "2022.11.30"]
[SourceQuality "1"]

1. e4 c5 2. Nf3 Nc6 3. d4 cxd4 4. Nxd4 Nf6 5. Nc3 e5 6. Ndb5 d6 7. Bg5 a6 8. Na3 b5 9. Bxf6 gxf6 10. Nd5 Bg7 11. c3 Ne7 12. Nc2 Nxd5 13. Qxd5 Be6 14. Qc6+ Ke7 15. a4 bxa4 16. Rxa4 a5 17. Ne3 Qd7 18. Bb5 Qxc6 19. Bxc6 Rab8 20. b4 axb4 21. cxb4 Rhc8 22. b5 Bh6 23. Nd5+ Bxd5 24. exd5 Rxb5 25. 0-0 Rc5 26. Ra7+ Kf8 27. Rd7 f5 28. Rxd6 Bg5 29. Rd7 Rd8 30. Rb7 e4 31. g3 Rc2 32. Re1 Be7 33. Kf1 Bd6 34. Re2 Rxe2 35. Kxe2 f4 36. f3 fxg3 37. hxg3 Bxg3 38. fxe4 h5 39. Kf3 Be5 40. Bd7 Ra8 41. Rb3 Ra6 42. Bf5 Kg7 43. Rd3 Kf6 44. Rb3 Kg5 45. Rd3 Bd6 46. Rc3 Kf6 47. Rd3 Ra2 48. Rc3 Ra1 49. Rc8 Ra3+ 50. Kg2 h4 51. Rh8 Bg3 52. Rh5 Ke5 53. Bh7+ Kf4 54. Rf5+ Kg4 55. Rf1 Ra2+ 56. Kg1 Bf4 57. Rb1 Be3+ 58. Kf1 Kf3 59. e5 Rh2 60. Be4+ Kxe4 61. Rb3 Kf3 62. Rxe3+ Kxe3 63. e6 fxe6 64. dxe6 Kf3 65. Kg1 Re2 0-1

[Event "COL-ch"]
[Site "Boyaca"]
[Date "2022.08.18"]
[Round "4"]
[White "Zuluaga Mancilla, Cesar"]
[Black "Hernandez Pinzon, Helvert"]
[Result "1-0"]
[WhiteElo "2229"]
[BlackElo "1864"]
[PlyCount "101"]
[EventDate "2022.08.17"]
[EventType "swiss"]
[EventRounds "9"]
[EventCountry "COL"]
[SourceTitle "CBM 210 Extra"]
[Source "ChessBase"]
[SourceDate "2022.11.30"]
[SourceVersion "1"]
[SourceVersionDate "2022.11.30"]
[SourceQuality "1"]

1. d4 Nf6 2. Nf3 g6 3. c4 Bg7 4. Nc3 d6 5. g3 c6 6. Bg2 0-0 7. 0-0 Nbd7 8. h3 e5 9. e4 Re8 10. Be3 b6 11. Qc2 Bb7 12. Rfd1 Qe7 13. d5 cxd5 14. cxd5 Rec8 15. Qd2 Nc5 16. Ne1 a5 17. g4 Ba6 18. f3 Kh8 19. Ne2 Ng8 20. Ng3 Qh4 21. Kh2 h6 22. Bf1 Bxf1 23. Nxf1 Kh7 24. Ng3 Qe7 25. Rac1 Bf6 26. Ne2 b5 27. Nd3 Bg5 28. Nxc5 dxc5 29. d6 Bxe3 30. Qxe3 Qa7 31. Rd5 Rc6 32. Nc3 b4 33. Nb5 Qb6 34. Rdxc5 Rxd6 35. Nxd6 Qxd6 36. Rc7 Ne7 37. R1c2 Qf6 38. Kg2 Rd8 39. Qa7 Re8 40. Qxa5 g5 41. Qa7 Kg7 42. Qe3 Ng6 43. R2c6 Nh4+ 44. Kf2 Qd8 45. Rc8 Qd7 46. R6c7 Qe6 47. Rxe8 Qxe8 48. Qb3 Qf8 49. Qd5 Ng6 50. Qd7 Nf4 51. Rc8 1-0

[Event "Manizales Departamental-ch 2nd"]
[Site "Manizales"]
[Date "2022.07.15"]
[Round "2"]
[White "Hernandez Pinzon, Helvert"]
[Black "Munoz Galvez, Jhon Edison"]
[Result "1/2-1/2"]
[WhiteElo "1869"]
[BlackElo "2310"]
[PlyCount "205"]
[EventDate "2022.07.14"]
[EventType "swiss"]
[EventRounds "7"]
[EventCountry "COL"]
[SourceTitle "EXT 2024"]
[Source "ChessBase"]
[SourceDate "2023.10.10"]
[SourceVersion "1"]
[SourceVersionDate "2023.10.10"]
[SourceQuality "1"]

1. e4 e5 2. Nf3 Nc6 3. d4 exd4 4. Nxd4 Nf6 5. Nc3 Bb4 6. Nxc6 bxc6 7. Bd3 d5 8. exd5 0-0 9. 0-0 cxd5 10. Bg5 c6 11. Qf3 Be7 12. h3 Rb8 13. b3 Be6 14. Ne2 h6 15. Bf4 Rb6 16. Ng3 Re8 17. Be5 Nd7 18. Bb2 Bf6 19. Bxf6 Qxf6 20. Qxf6 Nxf6 21. Rfe1 c5 22. Rad1 a5 23. Bf5 a4 24. f3 Ra8 25. Rd2 axb3 26. axb3 Ra2 27. Rde2 Bxf5 28. Nxf5 h5 29. Kf1 g6 30. Ne3 Kg7 31. Rd1 Rd6 32. Red2 d4 33. Nc4 Rda6 34. Re1 Nd5 35. Re5 Nb4 36. Rxc5 Nxc2 37. Ke2 Nb4 38. Rxa2 Rxa2+ 39. Nd2 d3+ 40. Ke3 Nc2+ 41. Kxd3 Ne1+ 42. Ke2 Nxg2 43. Kd3 Nf4+ 44. Kc3 Nxh3 45. b4 Nf4 46. b5 h4 47. b6 Ra6 48. Nc4 Ra8 49. b7 Rb8 50. Nd6 h3 51. Kd2 h2 52. Rc1 Ne6 53. Rh1 Nc5 54. Rxh2 Nxb7 55. Nxb7 Rxb7 56. Ke3 Kf6 57. Kf4 Rb1 58. Kg3 Rg1+ 59. Kf2 Rg5 60. Rh4 Rh5 61. Ra4 Kg5 62. Kg3 f5 63. f4+ Kh6 64. Ra8 Kg7 65. Ra7+ Kf8 66. Ra6 Rh6 67. Ra4 Rh1 68. Ra7 Rg1+ 69. Kf2 Rd1 70. Kg3 Rd4 71. Rb7 Ke8 72. Ra7 Rd7 73. Ra3 Rd2 74. Ra4 Rd1 75. Ra2 Kf7 76. Ra3 Kg7 77. Ra7+ Kh6 78. Ra6 Kh5 79. Ra3 Rd6 80. Kf2 Re6 81. Kg3 Rd6 82. Rb3 Kh6 83. Ra3 Kg7 84. Kf3 Kf6 85. Re3 Re6 86. Ra3 Ke7 87. Kg3 Re4 88. Kf3 Rd4 89. Ke3 Rd1 90. Kf3 Kd6 91. Rb3 Rf1+ 92. Kg3 Kd5 93. Rb6 Rd1 94. Kf2 Rd2+ 95. Kf3 Rd3+ 96. Kf2 Ke4 97. Rxg6 Rf3+ 98. Kg2 Kxf4 99. Ra6 Re3 100. Kf2 Rf3+ 101. Kg2 Re3 102. Kf2 Re4 103. Ra3 1/2-1/2